[Event "BCF-chT4 0304 (4NCL)"]
[Site "West Bromwich "]
[Date "2004.03.28"]
[Round "6.6"]
[White "Williams, Robin"]
[Black "Flexman, Patrick"]
[Result "0-1"]
[WhiteElo "1160"]
[BlackElo "1576"]
[PlyCount "76"]
[EventDate "2003.10.??"]
[EventType "team"]
[EventRounds "11"]
[EventCountry "ENG"]
[SourceTitle "EXT 2005"]
[Source "ChessBase"]
[SourceDate "2004.11.15"]
[SourceVersion "1"]
[SourceVersionDate "2004.11.15"]
[SourceQuality "1"]
[WhiteTeam "Braille Chess Association"]
[BlackTeam "Grendel's Mother"]
[WhiteTeamCountry "ENG"]
[BlackTeamCountry "ENG"]

1. d4 d5 2. c4 dxc4 3. Nc3 Nf6 4. e4 e6 5. Bxc4 a6 6. a4 Nc6 7. Nf3 Be7 8. 0-0 0-0 9. Bg5 b6 10. e5 Nd5 11. Bxe7 Ncxe7 12. Nxd5 exd5 13. Bd3 Ng6 14. Bxg6 fxg6 15. h3 Be6 16. Qd3 Rf4 17. Rfc1 a5 18. Rc3 Rc8 19. Rac1 Qe7 20. Qc2 Rf7 21. Qd2 c5 22. Ng5 Rf5 23. Nxe6 Qxe6 24. b3 Rcf8 25. dxc5 Rxf2 26. Qxf2 Rxf2 27. Kxf2 bxc5 28. Rxc5 Qxe5 29. Rc8+ Kf7 30. R1c7+ Kf6 31. Rc6+ Kg5 32. Kg1 Qe3+ 33. Kh2 Qxb3 34. Rd6 Kf5 35. Rcd8 Ke5 36. Kg1 g5 37. Rxd5+ Qxd5 38. Rxd5+ Kxd5 0-1

[Event "BCF-chT4 0304 (4NCL)"]
[Site "West Bromwich "]
[Date "2004.03.27"]
[Round "5.6"]
[White "Flexman, Patrick"]
[Black "Jones, Derek C"]
[Result "0-1"]
[WhiteElo "1576"]
[BlackElo "1944"]
[PlyCount "82"]
[EventDate "2003.10.??"]
[EventType "team"]
[EventRounds "11"]
[EventCountry "ENG"]
[SourceTitle "EXT 2005"]
[Source "ChessBase"]
[SourceDate "2004.11.15"]
[SourceVersion "1"]
[SourceVersionDate "2004.11.15"]
[SourceQuality "1"]
[WhiteTeam "Grendel's Mother"]
[BlackTeam "Pontypridd"]
[WhiteTeamCountry "ENG"]
[BlackTeamCountry "ENG"]

1. e4 c5 2. Nf3 d6 3. d4 cxd4 4. Nxd4 Nf6 5. Nc3 a6 6. Bg5 e6 7. Bd3 Be7 8. Qd2 Nc6 9. Nxc6 bxc6 10. 0-0 0-0 11. Kh1 Qc7 12. Ne2 h6 13. Bxh6 gxh6 14. Qxh6 Ng4 15. Qh5 e5 16. f4 Kg7 17. f5 Nh6 18. Rf3 Rh8 19. Rg3+ Kf8 20. Rf1 Bf6 21. Qf3 Ke7 22. Rh3 Bb7 23. Ng3 Rag8 24. Nh5 Ng4 25. Nxf6 Nxf6 26. Rxh8 Rxh8 27. g4 d5 28. g5 Nxe4 29. Bxe4 dxe4 30. f6+ Ke8 31. Qe3 c5 32. Rf5 Qd6 33. Rf2 Qd4 34. Re2 Rh3 35. Qxd4 exd4 36. Kg2 Rh5 37. Kg3 Rxg5+ 38. Kf4 Rg1 39. b3 e3 40. h4 Rf1+ 41. Kg3 Bf3 0-1